[Event "Top 12 feminin 2013"]
[Site "Archamps"]
[Date "2013.02.16"]
[Round "3"]
[White "Steil-Antoni, Fiona"]
[Black "Armas, Lara-Maria"]
[Result "1/2-1/2"]
[WhiteElo "2143"]
[BlackElo "1973"]
[PlyCount "90"]
[EventDate "2013.02.??"]
[EventType "team"]
[EventRounds "5"]
[EventCountry "FRA"]

1. e4 c5 2. Nc3 d6 3. f4 Nc6 4. Nf3 e6 5. Bc4 Nf6 6. d3 Be7 7. a3 a6 8. Ba2 O-O
9. O-O b5 10. h3 Bb7 11. g4 b4 12. Ne2 d5 13. g5 Ne8 14. Qe1 Rc8 15. f5 Kh8 16.
fxe6 fxe6 17. Nf4 Nc7 18. Qh4 Kg8 19. Qg4 Qd6 20. Bd2 Nd8 21. exd5 Nxd5 22.
Nxd5 Bxd5 23. Bxd5 Qxd5 24. a4 Kh8 25. b3 Nc6 26. Be3 Ne5 27. Nxe5 Qxe5 28. Bd2
Bd6 29. Qg2 Kg8 30. Rae1 Rxf1+ 31. Rxf1 Rf8 32. Rxf8+ Kxf8 33. Qf2+ Ke7 34. Be3
Qf5 35. Qxf5 exf5 36. Kg2 f4 37. Bf2 Ke6 38. Kf3 Kf5 39. h4 h6 40. gxh6 gxh6
41. Be1 h5 42. Bd2 a5 43. Bc1 Be5 44. Bd2 Bc7 45. Bc1 Bd6 1/2-1/2

[Event "Top 12 feminin 2013"]
[Site "Archamps"]
[Date "2013.02.16"]
[Round "3"]
[White "Armas, Lena"]
[Black "Mangean, Marianne"]
[Result "1-0"]
[WhiteElo "1903"]
[BlackElo "1424"]
[PlyCount "88"]
[EventDate "2013.02.??"]
[EventType "team"]
[EventRounds "5"]
[EventCountry "FRA"]

1. e4 c6 2. d4 d5 3. f3 e6 4. Nc3 Bb4 5. Nge2 Qh4+ 6. g3 Qd8 7. Qd3 Nd7 8. Bd2
Nb6 9. O-O-O Nc4 10. Nb1 Qb6 11. Bxb4 Qxb4 12. Qc3 a5 13. Nf4 Qxc3 14. Nxc3 Ne3
15. Re1 Nxf1 16. Rhxf1 Kd7 17. Na4 Kc7 18. Re3 b5 19. Nc5 Nf6 20. exd5 cxd5 21.
Rfe1 Re8 22. g4 g5 23. Nfd3 Nd7 24. Ne5 Nxe5 25. Rxe5 h6 26. Rxd5 Kc6 27. Rde5
Ra7 28. Nd3 Rd7 29. c3 Rd5 30. Rxd5 Kxd5 31. Re5+ Kc6 32. Rc5+ Kb6 33. Ne5 Bb7
34. Nxf7 Bxf3 35. Nxh6 Rh8 36. Nf7 Rxh2 37. Rxg5 Be2 38. Ne5 Rg2 39. Rg6 b4 40.
Rxe6+ Kb5 41. Rg6 bxc3 42. bxc3 Ka4 43. c4 Ka3 44. c5 Bb5 1-0